Albums studios de Jacques Higelin - Statistiques

Statistiques générales
  • Ce quiz a été pris 11 fois
  • Le résultat moyen est 13 sur 22
Statistiques - réponses
Année Album % Correct
1985
80%
1976 Alertez les bébés !
80%
1974 BBH 75
80%
2016 Higelin 75
80%
1975 Irradié
80%
1980 La Bande du Rex
80%
1978 No Man's Land
80%
1988 Tombé du ciel
80%
2006 Amor Doloroso
60%
1994 Aux héros de la voltige
60%
2013 Beau Repaire
60%
1979 ... Caviar pour les autres
60%
1979 Champagne pour tout le monde...
60%
2010 Coup de foudre
60%
1982 Higelin '82
60%
1969 Higelin et Areski
60%
1991 Illicite
60%
1971 Jacques Crabouif Higelin
60%
1998 Paradis païen
60%
1980 Inédits 1970
20%
2005 Jacques Higelin chante Vian et Higelin
20%
1964 Marie-José Casanova et Jacques Higelin chantent Boris Vian
0%
Aucun quiz correspondant
Distribution des résultats
% des personnes avec chaque résultat
Percentile par nombre de réponses
Votre historique - résultats
Vous n’avez pas pris ce quiz